Normal view
MARC view
Entry Personal Name
001 - CONTROL NUMBER
- control field: 15471
003 - CONTROL NUMBER IDENTIFIER
- control field: BD-RjUL
005 - DATE AND TIME OF LATEST TRANSACTION
- control field: 20250517170413.0
008 - FIXED-LENGTH DATA ELEMENTS
- fixed length control field: 250517|| aca||aabn | a|a d
040 ## - CATALOGING SOURCE
- Original cataloging agency: BD-RjUL
- Transcribing agency: BD-RjUL
100 ## - HEADING--PERSONAL NAME
- Personal name: Madariaga, Salvador de,
- Dates associated with a name: 1886-1978
670 ## - SOURCE DATA FOUND
- Source citation: Work cat.: (BD-RjUL)84931: Madariaga, Salvador de, 1886-1978., Essays with a purpose./, [1954]